| 000 | 01033nam a2200301 a 4500 | ||
|---|---|---|---|
| 003 | CO-BoRNBP | ||
| 005 | 20230511223006.0 | ||
| 007 | ta | ||
| 008 | 080930s2008 ck a jr 0001jdspa d | ||
| 020 | _a9789588156965 | ||
| 040 |
_aCO-BoBLA _bspa _cCO-BoBLA |
||
| 043 | _as-ck--- | ||
| 082 | 0 | 4 |
_aI028 _bV45m _221 |
| 100 | 1 |
_aVillegas, Mara̕. _91991 |
|
| 245 | 1 | 3 |
_aEl mundo / _ctextos Mara̕ Villegas, Jennie Kent ; ilustraciones Inti Guevara Ro̕s. |
| 250 | _a1a. edición | ||
| 300 |
_a13 p. : _bil. ; _c21 cm. + _e1 hoja con 40 stickers. |
||
| 336 |
_2rdacontent _atexto _btxt |
||
| 337 |
_2rdamedia _asin mediación _bn |
||
| 338 |
_2rdacarrier _avolumen _bnc |
||
| 650 | 6 |
_aLibros ilustrados infantiles. _2LEMB _91966 |
|
| 650 |
_aJuguetes y libros mv̤iles. _2LEMB _91992 |
||
| 650 |
_aGeometra̕ _x Libros ilustrados para niǫs. _2LEMB _91993 |
||
| 700 | 1 |
_aKent, Jennie. _91994 |
|
| 700 | 1 |
_aGuevara Ro̕s, Inti, _eil. _91995 |
|
| 942 |
_2ddc _cBK |
||
| 949 |
_ac _bc |
||
| 999 |
_c9538 _d9538 |
||